Robotická ergoterapia hornej končatiny

Uložené v:
Podrobná bibliografia
Hlavný autor: Trepáčová, Izabela (Autor)
Ďalší autori: Chovanec, Ľuboš (Vedúci práce)
Médium: Rukopis Kniha
Jazyk:Slovak
Vydavateľské údaje: 2025
Predmet:
On-line prístup:http://is.stuba.sk/zp/portal_zp.pl?podrobnosti=184590
Tagy: Pridať tag
Žiadne tagy, Buďte prvý, kto otaguje tento záznam!

MARC

LEADER 00000ntm a22000003a 4500
001 stuzp101966
003 SK-STU
005 20250614210909.2
007 ta
008 150427s2015----xo-----f-mn---000-0-slo-d
040 |a STU  |b slo 
041 0 |a slo 
100 1 |a Trepáčová, Izabela  |u 031000  |4 aut  |U FEI Fakulta elektrotechniky a informatiky  |T FEI Ústav robotiky a kybernetiky  |X 111154  |U E011  |Y 356  |7 111154 
242 0 1 |a Robotic Ergotherapy of The Upper Limb  |y eng 
245 1 0 |a Robotická ergoterapia hornej končatiny 
260 |c 2025 
650 4 |a KUKA LBR iiwa 7 R800  |2 eng 
650 4 |a collaborative robotic arm  |2 eng 
650 4 |a ADL  |2 eng 
650 4 |a fine motor skills recovery  |2 eng 
650 4 |a Robotic occupational therapy  |2 eng 
650 4 |a KUKA LBR iiwa 7 R800  |2 slo 
650 4 |a silovo-poddajný robot  |2 slo 
650 4 |a tréning ADL  |2 slo 
650 4 |a obnova jemnej motoriky  |2 slo 
650 4 |a robotická ergoterapia  |2 slo 
700 1 |a Chovanec, Ľuboš  |u 031000  |k Z1  |4 ths  |U FEI Fakulta elektrotechniky a informatiky  |T FEI Ústav robotiky a kybernetiky  |X 16076  |U E011  |Y 356  |7 A000016076 
856 4 |u http://is.stuba.sk/zp/portal_zp.pl?podrobnosti=184590